Music Quiz

Random Music or Country Quiz

Country by Composer Quiz Stats

 Plays Quiz Updated Feb 3, 2019

Support Sporcle.
Go Orange.
Score 0/24 Timer 05:00
1 Play Today
Composer Country % Correct
Ludwig van BeethovenGermany
97.8%
Pyotr TchaikovskyRussia
96.3%
Antonio VivaldiItaly
96.1%
Wolfgang Amadeus MozartAustria
95%
Jean-Philippe RameauFrance
93.4%
Johann Sebastian BachGermany
87.6%
John WilliamsUnited States
83.6%
Sergei RachmaninoffRussia
82.8%
Claudio MonteverdiItaly
80.1%
Claude DebussyFrance
78.9%
George GershwinUnited States
77.9%
Johann Strauss IIAustria
77.5%
Composer Country % Correct
Maurice RavelFrance
73.5%
Shankar MahadevanIndia
64.4%
Edward ElgarUnited Kingdom
63.1%
Joseph HaydnAustria
62.3%
Frederic ChopinPoland
57%
Michael NymanUnited Kingdom
49.9%
Antonín DvořákCzechia
49.2%
Franz LisztHungary
42.6%
Edvard GriegNorway
41.7%
Jean SibeliusFinland
39.3%
Ahmed Adnan SaygunTurkey
24.7%
John JoubertSouth Africa
8.4%

You're not logged in!

Compare scores with friends on all Sporcle quizzes.
OR
Log In
Forgot?

From the Vault

Sunday Crossword: Pick-Me-Up

by razorz

The best part of waking up is a good crossword and a cup.
Remove Ads.
Support Sporcle.
Get the best of Sporcle when you Go Orange. This ad-free experience offers more features, more stats, and more fun while also helping to support Sporcle. Thank you for becoming a member.

Show Comments

Extras

Top Quizzes Today


Score Distribution

Your Account Isn't Verified!

In order to create a playlist on Sporcle, you need to verify the email address you used during registration. Go to your Sporcle Settings to finish the process.

Report this User

Report this user for behavior that violates our Community Guidelines.

Details: